Rural-urban migration and rural employment in India / (Record no. 65416)
[ view plain ]
| 000 -LEADER | |
|---|---|
| fixed length control field | 00498nam a22001577a 4500 |
| 005 - DATE AND TIME OF LATEST TRANSACTION | |
| control field | 20180807141254.0 |
| 020 ## - INTERNATIONAL STANDARD BOOK NUMBER | |
| International Standard Book Number | 8174451943 |
| Terms of availability | 00.00 |
| 035 ## - SYSTEM CONTROL NUMBER | |
| System control number | B-92592, B-092591, B-092594 |
| 037 ## - SOURCE OF ACQUISITION | |
| Stock number | DPL |
| Source of stock number/acquisition | ENG |
| 100 ## - MAIN ENTRY--PERSONAL NAME | |
| Personal name | Joshi, G.V. |
| 245 ## - TITLE STATEMENT | |
| Title | Rural-urban migration and rural employment in India / |
| Statement of responsibility, etc | by G.V. Joshi and Norbert Lobo |
| 260 ## - PUBLICATION, DISTRIBUTION, ETC. (IMPRINT) | |
| Place of publication, distribution, etc | New Delhi |
| Name of publisher, distributor, etc | Mohit Publications |
| Date of publication, distribution, etc | 2003 |
| 300 ## - PHYSICAL DESCRIPTION | |
| Extent | v, 180p. |
| Dimensions | 20 cms. |
| 700 ## - ADDED ENTRY--PERSONAL NAME | |
| Personal name | Lobo, Norbert |
| 9 (RLIN) | 45558 |
| 942 ## - ADDED ENTRY ELEMENTS (KOHA) | |
| Source of classification or shelving scheme | Dewey Decimal Classification |
| Item type | English Books |
| Classification part | 307.2 |
| Call number suffix | JOS |
| Withdrawn status | Lost status | Not for loan | Collection code | Home library | Current library | Date acquired | Cost, normal purchase price | Full call number | Barcode | Cost, replacement price | Koha item type | Source of acquisition |
|---|---|---|---|---|---|---|---|---|---|---|---|---|
| Non-fiction | Patel Nagar | Patel Nagar | 24/07/2018 | 400.00 | 307.2 JOS | B-092591 | 400.00 | English Books | BPPD/PUB | |||
| Non-fiction | Sarojini Nagar | Sarojini Nagar | 21/04/2012 | 0.00 | 307.2 JOS | B-92592 | 0.00 | English Books | ||||
| Non-fiction | Shahdara Branch | Shahdara Branch | 07/08/2018 | 0.00 | 307.2 JOS | B-092594 | 0.00 | English Books | BPPD/PUB |
